| 000 | 00979nam a22002297a 4500 | ||
|---|---|---|---|
| 005 | 20240530110559.0 | ||
| 008 | 160321s2012 ua a g 000 0 ara d | ||
| 017 |
_a1431/2012 _bالسعودية . مكتبة الملك فهد الوطنية |
||
| 020 | _a9786035030007 | ||
| 040 | _aEG-CaGPL | ||
| 082 | 0 | 4 |
_221 _a330.951\ _bخ ب |
| 100 | 0 | _aتارون خانا . | |
| 245 | 1 | 0 |
_aبلايين من المستثمرين : _bكيف تعيد الصين و الهند تشكيل المستقبل / _cتارون خانا ؛ نقله الى العربية محمد محمود التوبة . |
| 250 | _aط1. | ||
| 260 |
_aالرياض : _bالعبيكان للنشر ، _c2012 . |
||
| 300 |
_a483 ص ؛ _c24 سم . |
||
| 651 | 0 | 4 |
_aالصين _xالاحوال الاقتصادية . |
| 651 | 0 | 4 |
_aالهند _xالاحوال الاقتصادية . |
| 700 | 0 |
_aمحمد محمود التوبة _eمترجم . |
|
| 942 |
_2ddc _cBK |
||
| 999 |
_c62624 _d62624 |
||